[Event "III Festival Magistrale"]
[Site "Montecatini Terme ITA"]
[Date "1994.07.??"]
[Round "?"]
[White "Zelcic, Robert"]
[Black "Iotti, Pierluigi"]
[Result "1-0"]
[WhiteElo "2485"]
[BlackElo "2255"]
[PlyCount "65"]
[EventDate "1994.07.30"]

1. e4 e6 2. d4 d5 3. Nc3 Bb4 4. e5 Qd7 5. Qg4 f5 6. Qh5+ g6 7. Qd1 b6 8. h4 h6
9. Nh3 Ba6 10. Bxa6 Nxa6 11. Nf4 Ne7 12. Qd3 Nb8 13. Bd2 a6 14. O-O-O c5 15.
dxc5 bxc5 16. Nb1 Bxd2+ 17. Nxd2 Ra7 18. Qg3 Rg8 19. Nc4 Qa4 20. Nd6+ Kd7 21.
Rd3 c4 22. Ra3 Qb4 23. Qe3 Rc7 24. Rd1 Qc5 25. Qxc5 Rxc5 26. Rc3 Rc6 27. Ne2
Rxd6 28. exd6 Nc8 29. Re3 Nxd6 30. Nf4 Ne4 31. f3 Nc5 32. Rde1 d4 33. Re5 1-0

[Event "III Festival Magistrale"]
[Site "Montecatini Terme ITA"]
[Date "1994.07.??"]
[Round "?"]
[White "Zelcic, Robert"]
[Black "Lau, Ralf"]
[Result "1-0"]
[WhiteElo "2485"]
[BlackElo "2515"]
[PlyCount "81"]
[EventDate "1994.07.30"]

1. e4 c5 2. Nf3 d6 3. d4 cxd4 4. Nxd4 Nf6 5. Nc3 a6 6. a4 g6 7. Be2 Bg7 8. O-O
Nc6 9. Nb3 O-O 10. Kh1 b6 11. f4 Bb7 12. Bf3 e6 13. Be3 Qc7 14. Qd2 Rab8 15.
Rad1 Rfd8 16. Qf2 Ba8 17. Rd2 Rd7 18. Qh4 Na5 19. f5 exf5 20. exf5 Qc4 21. Qf2
Ng4 22. Bxg4 Qxg4 23. f6 Bf8 24. Bxb6 Nc4 25. Rd4 Qe6 26. a5 Re8 27. Rdd1 h5
28. Rde1 Ne5 29. Kg1 Qc4 30. h3 Rc8 31. Rd1 Qc6 32. Bd4 Nc4 33. Ne2 Bh6 34. Rd3
Re8 35. Rg3 Kh7 36. Nf4 Re4 37. Nxg6 fxg6 38. f7 Rxd4 39. Nxd4 Qd5 40. c3 Bf8
41. Qf6 1-0

[Event "III Festival Magistrale"]
[Site "Montecatini Terme ITA"]
[Date "1994.07.??"]
[Round "8"]
[White "Leoncini, Mario"]
[Black "Giuliano, Arturo"]
[Result "1-0"]
[WhiteElo "2195"]
[BlackElo "2114"]
[PlyCount "127"]
[EventDate "1994.07.30"]

1. e4 e5 2. Nf3 Nc6 3. Bb5 f5 4. Nc3 Nd4 5. Nxe5 Nf6 6. exf5 Bc5 7. Bc4 d6 8.
Nf3 Qe7+ 9. Kf1 Bxf5 10. Nxd4 Bxd4 11. Qf3 Bg4 12. Qxb7 Rd8 13. Nd5 Nxd5 14.
Qxd5 Qf6 15. f3 Bd7 16. c3 Bb6 17. d4 c6 18. Qe4+ Kf8 19. Qf4 Qxf4 20. Bxf4 d5
21. Bd3 Re8 22. Kf2 Kf7 23. Rhe1 g6 24. Rxe8 Rxe8 25. Re1 Bd8 26. Rxe8 Bxe8 27.
Ke2 Ke6 28. Be5 c5 29. f4 c4 30. Bc2 h5 31. g3 a5 32. b3 cxb3 33. axb3 Bb5+ 34.
Kf3 Kf7 35. Kf2 h4 36. g4 Be7 37. Bc7 g5 38. Bxa5 gxf4 39. Bc7 h3 40. Bxf4 Bh4+
41. Kf3 Be1 42. Be5 Bd2 43. Kg3 Bf1 44. Kf2 Bb5 45. Bf5 Bg5 46. Bc2 Bh4+ 47.
Ke3 Bg5+ 48. Bf4 Bh4 49. Bd3 Bd7 50. Be2 Kf6 51. c4 dxc4 52. bxc4 Kg7 53. c5
Be7 54. Kf3 Bc6+ 55. Kg3 Bg2 56. Bf3 Bh4+ 57. Kxh4 Bxf3 58. Kxh3 Bc6 59. Kg3
Kg6 60. Be5 Kh6 61. Kf4 Bd5 62. Bf6 Kg6 63. Ke5 Bf3 64. g5 1-0

[Event "III Festival Magistrale"]
[Site "Montecatini Terme ITA"]
[Date "1994.07.??"]
[Round "9"]
[White "Solinas, Carlo"]
[Black "Pagnoncelli, Marco"]
[WhiteElo "2018"]
[BlackElo "1900"]
[Result "1-0"]
[PlyCount "45"]
[EventDate "1994.07.30"]

1. e4 c5 2. d4 cxd4 3. c3 dxc3 4. Nxc3 Nc6 5. Nf3 e6 6. Bc4 d6 7. O-O Be7 8.
Qe2 a6 9. Rd1 b5 10. Bb3 Ra7 11. Be3 Rd7 12. Nxb5 axb5 13. Qxb5 Bb7 14. Rac1
Qa5 15. Qxa5 Nxa5 16. Ba4 Bxe4 17. Bxd7+ Kxd7 18. Ne5+ Ke8 19. Rc8+ Bd8 20. Bb6
Nb7 21. Bxd8 Nxd8 22. Rxd6 Ke7 23. Rdxd8 1-0

[Event "XV C.to Italiano UISP A"]
[Site "Montecatini Terme ITA"]
[Date "1994.??.??"]
[Round "?"]
[White "Bellomo, Francesco"]
[Black "Sarno, Spartaco"]
[Result "1-0"]
[WhiteElo "2370"]
[BlackElo "2395"]
[PlyCount "97"]
[EventDate "1994.??.??"]

1. Nf3 g6 2. g3 Bg7 3. Bg2 Nf6 4. O-O O-O 5. d3 d5 6. Nbd2 c5 7. e4 Nc6 8. Re1
h6 9. c3 dxe4 10. dxe4 Be6 11. Qe2 Qc8 12. Nf1 Rd8 13. h4 Bh3 14. e5 Bxg2 15.
Kxg2 Ng4 16. e6 Qxe6 17. Qxe6 fxe6 18. Rxe6 Kf7 19. Re1 b5 20. Bf4 b4 21. Ne3
Nge5 22. Nxe5+ Bxe5 23. Bxe5 Nxe5 24. cxb4 cxb4 25. Rad1 Rxd1 26. Rxd1 Rc8 27.
Rd4 Rb8 28. b3 Rb5 29. f4 Nc6 30. Rc4 Nd8 31. Kf3 h5 32. Rc8 Nb7 33. Nc4 Rc5
34. Ne5+ Kg7 35. Rxc5 Nxc5 36. Nc6 Nd3 37. Ke3 Nc1 38. Nxb4 a5 39. Nc6 Nxa2 40.
Nxa5 Kf6 41. Nc6 Ke6 42. Kd2 Kd6 43. Ne5 Nb4 44. Nxg6 e6 45. Ke3 Nc6 46. Ke4
Kc5 47. Ne5 Ne7 48. Nd7+ Kb4 49. Nf6 1-0

[Event "XV C.to Italiano UISP A"]
[Site "Montecatini Terme ITA"]
[Date "1994.??.??"]
[Round "?"]
[White "Caposciutti, Maurizio"]
[Black "Sarno, Spartaco"]
[WhiteElo "2330"]
[BlackElo "2395"]
[Result "0-1"]
[PlyCount "66"]
[EventDate "1994.??.??"]

1. e4 d6 2. d4 Nf6 3. Nc3 g6 4. Bg5 c6 5. Qd2 b5 6. f3 Nbd7 7. h4 Bb7 8. Nh3
Qc7 9. O-O-O h6 10. Be3 Bg7 11. Nf4 h5 12. Kb1 O-O 13. g4 b4 14. Nce2 e5 15.
dxe5 dxe5 16. Nd3 Rfd8 17. g5 Ne8 18. Qxb4 Bf8 19. Qe1 Nd6 20. b3 a5 21. Bh3 a4
22. Bxd7 axb3 23. cxb3 Qxd7 24. Nc5 Qc7 25. Nc3 Rdb8 26. Rh2 Bc8 27. Ka1 Nb7
28. Nxb7 Rxb7 29. Na4 Be6 30. Qc3 c5 31. Nxc5 Rxb3 32. Qc1 Rxe3 33. Qxe3 Bxc5
0-1

[Event "XV C.to Italiano UISP A"]
[Site "Montecatini Terme ITA"]
[Date "1994.??.??"]
[Round "?"]
[White "Sebastianelli, Diego"]
[Black "Fabris, Alberto"]
[WhiteElo "2110"]
[BlackElo "2205"]
[Result "0-1"]
[PlyCount "56"]
[EventDate "1994.??.??"]

1. e4 c5 2. Nf3 Nc6 3. d4 cxd4 4. Nxd4 Nf6 5. Nc3 e5 6. Ndb5 d6 7. Nd5 Nxd5 8.
exd5 Nb8 9. c4 Be7 10. Be2 a6 11. Nc3 O-O 12. O-O f5 13. f4 Bf6 14. Qc2 Nd7 15.
Rb1 exf4 16. Bxf4 Ne5 17. Kh1 Bd7 18. Qb3 Rf7 19. Na4 g5 20. Bc1 f4 21. Nb6 Bf5
22. Bd2 Rb8 23. Rbe1 Qf8 24. Bb4 Rd8 25. Qa3 Ng4 26. Bxg4 Bxg4 27. c5 Bd4 28.
Na4 f3 0-1

[Event "XV C.to Italiano UISP A"]
[Site "Montecatini Terme ITA"]
[Date "1994.??.??"]
[Round "?"]
[White "Zichichi, Alvise"]
[Black "Di Paolo, Raffaele"]
[Result "1-0"]
[WhiteElo "2295"]
[BlackElo "2220"]
[PlyCount "43"]
[EventDate "1994.??.??"]

1. d4 Nf6 2. Bg5 g6 3. Nc3 Bg7 4. e4 d6 5. f3 c6 6. Qd2 Nbd7 7. O-O-O Qa5 8.
Kb1 b5 9. Bh6 Bxh6 10. Qxh6 Nb6 11. Nce2 Nc4 12. Nc1 Rb8 13. Nge2 b4 14. h4 Be6
15. h5 Rb6 16. Nb3 Qa4 17. Nec1 Na5 18. hxg6 fxg6 19. e5 Nd5 20. exd6 exd6 21.
Qg7 Rf8 22. Qxa7 1-0

[Event "XXXI Olimpiadi"]
[Site "Mosca RUS"]
[Date "1994.12.02"]
[Round "2.2"]
[White "Sokolov, Ivan"]
[Black "Belotti, Bruno"]
[Result "1/2-1/2"]
[WhiteElo "2625"]
[BlackElo "2455"]
[Annotator "ITA-BIH"]
[PlyCount "48"]
[EventDate "1994.12.01"]

1. d4 Nf6 2. c4 c5 3. d5 b5 4. cxb5 a6 5. f3 axb5 6. e4 Qa5+ 7. Bd2 b4 8. Na3
d6 9. Nc4 Qd8 10. a4 e6 11. dxe6 Bxe6 12. Ne3 Be7 13. Ne2 O-O 14. Nf4 Nc6 15.
Bd3 Nd4 16. Nc4 Nd7 17. O-O Ne5 18. Nxe6 Nxe6 19. Be3 Bf6 20. Nxe5 Bxe5 21. Ra2
Qh4 22. g3 Bxg3 23. hxg3 Qxg3+ 24. Kh1 Qh3+ 1/2-1/2

[Event "XXXI Olimpiadi"]
[Site "Mosca RUS"]
[Date "1994.12.02"]
[Round "2.3"]
[White "D'Amore, Carlo"]
[Black "Kurajica, Bojan"]
[Result "0-1"]
[WhiteElo "2420"]
[BlackElo "2565"]
[Annotator "ITA-BIH"]
[PlyCount "80"]
[EventDate "1994.12.01"]

1. Nf3 Nf6 2. g3 d5 3. Bg2 c6 4. d3 Bg4 5. Nbd2 Nbd7 6. h3 Bh5 7. O-O e6 8. e4
Bc5 9. Qe1 dxe4 10. dxe4 e5 11. Nc4 Bxf3 12. Bxf3 Qe7 13. Kg2 O-O 14. a4 Rfd8
15. a5 b5 16. axb6 axb6 17. Rxa8 Rxa8 18. Bd2 Qe6 19. Qe2 Ra2 20. Bc1 Bd4 21.
Rd1 b5 22. Ne3 g6 23. Bg4 Nxg4 24. Qxg4 Nf8 25. Qh4 h5 26. Qd8 Ra7 27. Qb8 Rd7
28. c3 Ba7 29. Qa8 Bxe3 30. Rxd7 Bxc1 31. Rd8 Bh6 32. Re8 Qb3 33. Qxc6 Qxb2 34.
Rb8 Qe2 35. Rxb5 h4 36. gxh4 Bg7 37. h5 gxh5 38. Rb8 Kh7 39. Qe8 Ne6 40. Qxf7
Nf4+ 0-1

[Event "XXXI Olimpiadi"]
[Site "Mosca RUS"]
[Date "1994.12.02"]
[Round "2.4"]
[White "Dizdarevic, Emir"]
[Black "Manca, Federico"]
[Result "1-0"]
[WhiteElo "2495"]
[BlackElo "2375"]
[Annotator "ITA-BIH"]
[PlyCount "59"]
[EventDate "1994.12.01"]

1. Nf3 Nf6 2. g3 g6 3. b3 Bg7 4. Bb2 d6 5. d4 O-O 6. Bg2 e5 7. dxe5 Nfd7 8. Nc3
dxe5 9. Qd2 a5 10. h4 Nc5 11. O-O-O Nbd7 12. h5 a4 13. hxg6 hxg6 14. Rh4 axb3
15. axb3 c6 16. Rdh1 Qf6 17. Qe3 Re8 18. Nd2 Ne6 19. Bh3 Ndf8 20. Bxe6 Nxe6 21.
Rh7 Qg5 22. Rxg7+ Kxg7 23. f4 Qf5 24. Nce4 Rh8 25. Rxh8 Kxh8 26. Bxe5+ f6 27.
Nxf6 Qh3 28. Qg1 c5 29. Nde4 b5 30. Nf2 1-0

[Event "XXXI Olimpiadi"]
[Site "Mosca RUS"]
[Date "1994.12.03"]
[Round "3.1"]
[White "Hernandez Guerrero, Gilberto"]
[Black "Godena, Michele"]
[Result "1-0"]
[WhiteElo "2510"]
[BlackElo "2485"]
[Annotator "ITA-MEX"]
[PlyCount "129"]
[EventDate "1994.12.01"]

1. e4 e5 2. Nf3 Nc6 3. Bb5 Nf6 4. O-O Bc5 5. Nxe5 Nxe5 6. d4 a6 7. Be2 Be7 8.
dxe5 Nxe4 9. Be3 d5 10. c4 c6 11. cxd5 cxd5 12. f3 Bc5 13. Qb3 Qg5 14. Bxc5
Nxc5 15. Qa3 Bh3 16. Rf2 Qc1+ 17. Bf1 Bf5 18. b4 Qxa3 19. Nxa3 Nd3 20. Rd2 Nxb4
21. Rb2 Nc6 22. Rxb7 O-O 23. Rd1 Be6 24. f4 Rfb8 25. Rdb1 Rxb7 26. Rxb7 d4 27.
Rb6 Ne7 28. Rxa6 Rxa6 29. Bxa6 Bxa2 30. Kf2 Nd5 31. g3 Nb4 32. Bc4 Bxc4 33.
Nxc4 f6 34. exf6 gxf6 35. Kf3 Kf7 36. Ke4 d3 37. Kd4 Ke6 38. Kc3 Nd5+ 39. Kxd3
h5 40. Ne3 Nb4+ 41. Ke4 Na6 42. Kd4 f5 43. Kc4 Nb8 44. Nc2 Nd7 45. Nd4+ Kf6 46.
Kb5 Kg6 47. Kc6 Nf6 48. Kd6 Ng4 49. Ke6 Nxh2 50. Nxf5 Nf1 51. Nh4+ Kh7 52. Nf5
Kg6 53. Ke5 Nd2 54. Nd4 Nf1 55. f5+ Kg7 56. Ne2 Nd2 57. Kf4 Kf6 58. Nc3 Nf1 59.
Ne4+ Kf7 60. Ng5+ Kf6 61. Ne4+ Kf7 62. Ke5 Ne3 63. Ng5+ Kg7 64. f6+ Kg6 65. f7
1-0

[Event "XXXI Olimpiadi"]
[Site "Mosca RUS"]
[Date "1994.12.03"]
[Round "3.3"]
[White "Villarreal Felix, Jose' Felix"]
[Black "Arlandi, Ennio"]
[Result "0-1"]
[WhiteElo "2365"]
[BlackElo "2425"]
[Annotator "ITA-MEX"]
[PlyCount "82"]
[EventDate "1994.12.01"]

1. e4 c6 2. Nc3 d5 3. Nf3 Bg4 4. h3 Bxf3 5. Qxf3 e6 6. d4 dxe4 7. Nxe4 Qxd4 8.
Bd3 Nf6 9. O-O Nbd7 10. Be3 Qa4 11. b3 Qa5 12. Bd2 Qd8 13. Bc3 Be7 14. Rad1 Qc7
15. Rfe1 O-O-O 16. Qe3 Nd5 17. Qd2 Nxc3 18. Qxc3 Nf6 19. Nxf6 Bxf6 20. Qd2 Rd5
21. c4 Rd7 22. Qc2 g6 23. Be2 Bd4 24. b4 Qa5 25. Bf3 Qxb4 26. Rb1 Qc5 27. Re2
Rhd8 28. Kf1 h5 29. a4 h4 30. Qb3 Qb6 31. Qc2 Qa5 32. Qb3 Bb6 33. Rc2 Rd2 34.
Rxd2 Rxd2 35. Rb2 Rxb2 36. Qxb2 e5 37. Qc2 f5 38. Bh5 gxh5 39. Qxf5+ Kb8 40.
Qxh5 Bd8 41. Qe8 a6 0-1

[Event "XXXI Olimpiadi"]
[Site "Mosca RUS"]
[Date "1994.12.03"]
[Round "3.4"]
[White "Contin, Daniel"]
[Black "Palacios Llera, Francisco"]
[Result "0-1"]
[WhiteElo "2425"]
[BlackElo "2310"]
[Annotator "ITA-MEX"]
[PlyCount "54"]
[EventDate "1994.12.01"]

1. c4 Nf6 2. Nc3 c6 3. e4 d5 4. exd5 cxd5 5. d4 Nc6 6. Bg5 e6 7. Nf3 Be7 8. c5
O-O 9. Bb5 Ne4 10. Bxe7 Nxe7 11. Rc1 b6 12. Bd3 bxc5 13. Nxe4 dxe4 14. Bxe4
Qa5+ 15. Nd2 Rb8 16. Rxc5 Qxa2 17. O-O Ba6 18. Qh5 f5 19. Bb1 Qxb2 20. Rd1 Qxd4
21. Nb3 Qb2 22. Nd2 Nd5 23. Rc2 Qd4 24. Nb3 Qe5 25. Nc5 Nf4 26. Qg5 h6 27. Qh4
Qd5 0-1

[Event "XXXI Olimpiadi"]
[Site "Mosca RUS"]
[Date "1994.12.04"]
[Round "4.1"]
[White "Arlandi, Ennio"]
[Black "Dutreeuw, Marc"]
[Result "1-0"]
[WhiteElo "2425"]
[BlackElo "2410"]
[Annotator "ITA-BEL"]
[PlyCount "58"]
[EventDate "1994.12.01"]

1. d4 d5 2. c4 e6 3. Nc3 Be7 4. cxd5 exd5 5. Bf4 Nf6 6. e3 Bf5 7. Nge2 O-O 8.
Ng3 Be6 9. Bd3 c5 10. dxc5 Bxc5 11. O-O Nc6 12. Rc1 g6 13. Bb1 Be7 14. Qa4 a6
15. Rfd1 Qb6 16. Rd2 Rac8 17. Bg5 Kg7 18. Qh4 Ng8 19. Bxe7 Ngxe7 20. Qg5 Ng8
21. Nh5+ Kh8 22. Nf4 h6 23. Qg3 Nge7 24. Nxe6 fxe6 25. Qh3 Kg7 26. Qxe6 Qc5 27.
Rxd5 Qc4 28. b3 Qb4 29. Rd7 Rcd8 1-0

[Event "XXXI Olimpiadi"]
[Site "Mosca RUS"]
[Date "1994.12.04"]
[Round "4.3"]
[White "D'Amore, Carlo"]
[Black "Mohandesi, Shahin"]
[Result "1/2-1/2"]
[WhiteElo "2420"]
[BlackElo "2320"]
[Annotator "ITA-BEL"]
[PlyCount "76"]
[EventDate "1994.12.01"]

1. Nf3 Nf6 2. g3 d5 3. Bg2 c6 4. d3 Bg4 5. Nbd2 Nbd7 6. h3 Bh5 7. O-O e6 8. e4
Qc7 9. Qe1 dxe4 10. dxe4 Be7 11. e5 Nd5 12. a3 O-O 13. Qe2 Bg6 14. Nb3 b5 15.
Re1 a6 16. Bg5 Bxg5 17. Nxg5 h6 18. Nf3 Rad8 19. c3 Qb6 20. Rad1 Rfe8 21. Rd4
c5 22. Rd2 c4 23. Nbd4 Nc5 24. Nh4 Bh7 25. Bxd5 Rxd5 26. Qh5 Red8 27. Nhf3 a5
28. Qh4 b4 29. axb4 axb4 30. cxb4 Nd3 31. Ra1 Bg6 32. Ne2 Nxe5 33. Nxe5 Rxd2
34. Nc3 Qxb4 35. Nc6 Qxb2 36. Rf1 Qb6 37. Nxd8 Qxd8 38. Qxd8+ Rxd8 1/2-1/2

[Event "XXXI Olimpiadi"]
[Site "Mosca RUS"]
[Date "1994.12.04"]
[Round "4.4"]
[White "Geenen, Marc"]
[Black "Manca, Federico"]
[Result "1-0"]
[WhiteElo "2320"]
[BlackElo "2375"]
[Annotator "ITA-BEL"]
[PlyCount "61"]
[EventDate "1994.12.01"]

1. e4 d6 2. Nc3 Nf6 3. f4 c6 4. d4 Qa5 5. Bd3 e5 6. Nf3 Bg4 7. Be3 Nbd7 8. O-O
Be7 9. Kh1 O-O 10. Qe1 Bxf3 11. gxf3 Kh8 12. Qf2 Qc7 13. Ne2 b5 14. c3 a6 15.
Rg1 Rg8 16. Rg3 Qb8 17. Rh3 c5 18. fxe5 dxe5 19. f4 cxd4 20. cxd4 exd4 21. Bxd4
Qb7 22. Rg1 Rgd8 23. Nc3 Nf8 24. Nd5 Rxd5 25. exd5 Qxd5+ 26. Qg2 Qxg2+ 27. Rxg2
Rd8 28. Bxf6 Bxf6 29. Rc2 h6 30. Bf5 Bd4 31. Rd3 1-0

[Event "XXXI Olimpiadi"]
[Site "Mosca RUS"]
[Date "1994.12.05"]
[Round "5.2"]
[White "Arlandi, Ennio"]
[Black "Hernandez Basante, Francisco"]
[Result "1-0"]
[WhiteElo "2425"]
[BlackElo "2245"]
[Annotator "ITA-CRC"]
[PlyCount "69"]
[EventDate "1994.12.01"]

1. d4 Nf6 2. c4 c5 3. d5 b5 4. cxb5 a6 5. f3 axb5 6. e4 Qa5+ 7. Bd2 b4 8. Na3
e6 9. Nc4 Qc7 10. dxe6 fxe6 11. e5 Nd5 12. Nh3 Be7 13. Bd3 O-O 14. f4 g6 15.
Qg4 Ba6 16. O-O Bxc4 17. Bxg6 Bxf1 18. Rxf1 Nc6 19. Qh5 hxg6 20. Qxg6+ Kh8 21.
Qh6+ Kg8 22. Rf3 Bh4 23. Qg6+ Kh8 24. Qh6+ Kg8 25. Qg6+ Kh8 26. Ng5 d6 27. Rh3
Qg7 28. Rxh4+ Kg8 29. Qxe6+ Rf7 30. Nxf7 Nc7 31. Nh6+ Kf8 32. Qxd6+ Qe7 33. Rg4
Qxd6 34. exd6 Ne8 35. Rg8# 1-0

[Event "XXXI Olimpiadi"]
[Site "Mosca RUS"]
[Date "1994.12.05"]
[Round "5.3"]
[White "Gonzalez Acosta, Bernal Manuel"]
[Black "D'Amore, Carlo"]
[Result "0-1"]
[WhiteElo "2375"]
[BlackElo "2420"]
[Annotator "ITA-CRC"]
[PlyCount "128"]
[EventDate "1994.12.01"]

1. f4 g6 2. Nf3 Bg7 3. g3 d6 4. Bg2 e5 5. d3 c6 6. e4 exf4 7. gxf4 d5 8. Nc3
dxe4 9. dxe4 Qb6 10. Qe2 Bg4 11. Qf2 Bxf3 12. Qxb6 axb6 13. Bxf3 Bxc3+ 14. bxc3
Ra4 15. Be3 Nd7 16. O-O Ngf6 17. e5 Nh5 18. Rad1 Ng7 19. Rd4 Nc5 20. Rb4 Nge6
21. Rxb6 O-O 22. Bg4 Rc4 23. Bxe6 Nxe6 24. f5 gxf5 25. Rxf5 Rb8 26. Rb4 Rxb4
27. cxb4 Ra8 28. Rf2 Rxa2 29. Bh6 Ra1+ 30. Kg2 Re1 31. Rf3 Re2+ 32. Kg1 Rxe5
33. Rg3+ Kh8 34. Ra3 Rd5 35. Ra8+ Rd8 36. Ra7 Rd7 37. Ra8+ Rd8 38. Ra7 Rb8 39.
Kf2 Kg8 40. c3 f6 41. Kf3 Kf7 42. Be3 Kg6 43. Bf2 Rd8 44. Ke4 Rd7 45. Be3 f5+
46. Kf3 Rf7 47. Ra8 f4 48. Rg8+ Kh5 49. Bd4 Ng5+ 50. Kf2 h6 51. Rb8 Rd7 52. Rg8
Ne6 53. Rb8 Kg4 54. Rg8+ Kf5 55. Rb8 Nxd4 56. cxd4 Ke4 57. h4 Kxd4 58. Kf3 Kc4
59. Rh8 Rd6 60. h5 Kxb4 61. Rg8 b5 62. Rg6 Kc5 63. Kxf4 b4 64. Rg3 Rd5 0-1

[Event "XXXI Olimpiadi"]
[Site "Mosca RUS"]
[Date "1994.12.05"]
[Round "5.4"]
[White "Manca, Federico"]
[Black "Maynard, Francis"]
[Result "0-1"]
[WhiteElo "2375"]
[BlackElo "2235"]
[Annotator "ITA-CRC"]
[PlyCount "82"]
[EventDate "1994.12.01"]

1. e4 e5 2. Nf3 Nc6 3. Bb5 a6 4. Ba4 Nf6 5. O-O d6 6. c3 Bd7 7. Re1 g6 8. d4
Bg7 9. dxe5 Nxe5 10. Nxe5 dxe5 11. Bc2 Bc6 12. Nd2 O-O 13. Qe2 Nh5 14. g3 Qd7
15. Nc4 a5 16. Ne3 Rad8 17. Rd1 Qh3 18. Nd5 Rd7 19. Be3 Kh8 20. Bc5 Re8 21. b4
Bxd5 22. exd5 axb4 23. Bxb4 Red8 24. c4 e4 25. Rab1 f5 26. c5 Nf6 27. f3 exf3
28. Qxf3 Ng4 29. Rd2 Rxd5 30. Re2 Ne5 31. Qe3 Nc6 32. Bc3 Bxc3 33. Qxc3+ Nd4
34. Rxb7 f4 35. Rf2 fxg3 36. hxg3 Qh5 37. Rxc7 Qe5 38. Bb3 Ne2+ 39. Rxe2 Qxc3
40. Bxd5 Qxg3+ 41. Bg2 Qxc7 0-1

[Event "XXXI Olimpiadi"]
[Site "Mosca RUS"]
[Date "1994.12.06"]
[Round "6.1"]
[White "Temirbayev, Serikbay"]
[Black "Godena, Michele"]
[Result "1/2-1/2"]
[WhiteElo "2465"]
[BlackElo "2485"]
[Annotator "ITA-KAZ"]
[PlyCount "143"]
[EventDate "1994.12.01"]

1. d4 d5 2. c4 e6 3. Nf3 c6 4. Nbd2 Nf6 5. g3 Be7 6. Bg2 Nbd7 7. O-O O-O 8. Qc2
b6 9. e4 Bb7 10. e5 Ne8 11. cxd5 cxd5 12. Re1 Rc8 13. Qb1 Qc7 14. Bf1 Qc2 15.
Qxc2 Rxc2 16. Bd3 Rc8 17. Nf1 Nc7 18. Bd2 Ba6 19. Bxa6 Nxa6 20. a3 Rc6 21. Kg2
Rfc8 22. h4 Nab8 23. h5 R6c7 24. h6 g6 25. Rac1 Nc6 26. N1h2 Na5 27. Rxc7 Rxc7
28. Rc1 Rxc1 29. Bxc1 Nb3 30. Be3 b5 31. Ng4 a5 32. Kf1 a4 33. Ke2 Na5 34. Kd3
Nc6 35. Bg5 Bf8 36. Ne1 b4 37. axb4 Bxb4 38. Nc2 Bf8 39. Kc3 Na5 40. Nb4 Nc4
41. Nc6 a3 42. bxa3 Bxa3 43. Kb3 Kf8 44. Ka4 Ke8 45. Kb5 Bb2 46. Kb4 Ba3+ 47.
Kb3 Bb2 48. Kc2 Ba3 49. Bf6 Bf8 50. Bg7 Be7 51. Kc3 Ba3 52. Nh2 Bc1 53. Nf3 Na3
54. Nb4 Nb5+ 55. Kc2 Ba3 56. Nc6 Be7 57. Kd3 f6 58. Nxe7 Kxe7 59. exf6+ Nxf6
60. Ng5 Ne4 61. Nxh7 Nxf2+ 62. Ke3 Ng4+ 63. Kf4 Nxh6 64. Bxh6 Nxd4 65. g4 Nc6
66. Bg7 Kd6 67. Bf8+ Kc7 68. Nf6 Kb6 69. Nd7+ Kb5 70. Ne5 g5+ 71. Kxg5 Nxe5 72.
Bg7 1/2-1/2

[Event "XXXI Olimpiadi"]
[Site "Mosca RUS"]
[Date "1994.12.06"]
[Round "6.2"]
[White "Belotti, Bruno"]
[Black "Kotsur, Pavel"]
[Result "0-1"]
[WhiteElo "2455"]
[BlackElo "2490"]
[Annotator "ITA-KAZ"]
[PlyCount "80"]
[EventDate "1994.12.01"]

1. Nf3 Nf6 2. g3 c5 3. Bg2 Nc6 4. O-O d5 5. d3 Bg4 6. Nbd2 e6 7. e4 Be7 8. h3
Bh5 9. c3 O-O 10. g4 dxe4 11. dxe4 Bg6 12. Qe2 Qc7 13. Nh4 Nd7 14. Ndf3 Rfd8
15. Nxg6 hxg6 16. Ng5 Nde5 17. h4 Nd3 18. f4 Bxg5 19. hxg5 f6 20. gxf6 gxf6 21.
Be3 Kg7 22. b3 e5 23. f5 g5 24. Rfd1 c4 25. bxc4 Nf4 26. Qf1 Qa5 27. Rxd8 Rxd8
28. Rd1 Qxc3 29. Bxa7 Nd4 30. Bxd4 exd4 31. Qe1 Qxc4 32. e5 Ne2+ 33. Kf2 d3 34.
exf6+ Kxf6 35. Bf3 Qf4 36. Qh1 Ke5 37. Qh6 Qd4+ 38. Kg2 Kf4 39. Qh2+ Ke3 40.
Kf1 Kxf3 0-1

[Event "XXXI Olimpiadi"]
[Site "Mosca RUS"]
[Date "1994.12.06"]
[Round "6.3"]
[White "Dzyuban, Oleg I."]
[Black "Contin, Daniel"]
[Result "1/2-1/2"]
[WhiteElo "2450"]
[BlackElo "2425"]
[Annotator "ITA-KAZ"]
[PlyCount "89"]
[EventDate "1994.12.01"]

1. d4 Nf6 2. c4 e6 3. Nf3 b6 4. Nc3 Bb7 5. Qc2 Bb4 6. Bg5 h6 7. Bh4 Bxc3+ 8.
bxc3 d6 9. Nd2 g5 10. Bg3 Nh5 11. e4 Nd7 12. f3 Nxg3 13. hxg3 Qf6 14. Be2 c5
15. Nb3 h5 16. Qd2 O-O-O 17. O-O-O Nf8 18. f4 gxf4 19. gxf4 Bxe4 20. Bxh5 Rg8
21. Rh2 Rg3 22. Kb2 Ng6 23. Rf1 Rh8 24. Qf2 Rg4 25. g3 Nxf4 26. gxf4 Rxh5 27.
Rxh5 Rg2 28. Qxg2 Bxg2 29. Rf2 Be4 30. Rh3 Qg7 31. Re3 Qg1 32. Rfe2 f5 33. dxc5
bxc5 34. Nd2 d5 35. cxd5 exd5 36. Nb3 Qb1+ 37. Ka3 Qf1 38. Nxc5 Qxf4 39. Nb3
Qd6+ 40. Kb2 f4 41. Rh3 f3 42. Reh2 Qf6 43. Rf2 Qb6 44. Rfxf3 Bxf3 45. Rxf3
1/2-1/2

[Event "XXXI Olimpiadi"]
[Site "Mosca RUS"]
[Date "1994.12.08"]
[Round "7.1"]
[White "Godena, Michele"]
[Black "Sebih, Kamel"]
[Result "1/2-1/2"]
[WhiteElo "2485"]
[BlackElo "2390"]
[Annotator "ITA-ALG"]
[PlyCount "137"]
[EventDate "1994.12.01"]

1. e4 e5 2. Nf3 Nc6 3. Bb5 a6 4. Ba4 Nf6 5. O-O Be7 6. Bxc6 dxc6 7. d3 Nd7 8.
b3 O-O 9. Bb2 Bf6 10. Nbd2 Re8 11. Nc4 g6 12. Kh1 Bg7 13. Ng1 Nf8 14. f4 exf4
15. Bxg7 Kxg7 16. Rxf4 b5 17. Nd2 f5 18. Ne2 g5 19. Rf2 f4 20. g3 fxg3 21. Nxg3
Ng6 22. Nh5+ Kh8 23. Qg1 g4 24. Raf1 Re5 25. Rf8+ Nxf8 26. Qd4 Nd7 27. Nf6 c5
28. Qa1 Qe7 29. Nxg4 Qg7 30. Nxe5 Qxe5 31. Qe1 Qe7 32. Qg3 Qd6 33. Qg5 Bb7 34.
Rf7 Rg8 35. Qf5 Rg7 36. Rxg7 Kxg7 37. Nf3 Nf8 38. Qg5+ Ng6 39. Nh4 Bc8 40. Nf5+
Bxf5 41. Qxf5 Qf4 42. Qxc5 Qf1+ 43. Qg1 Qxg1+ 44. Kxg1 Kf6 45. Kf2 Ke5 46. Ke3
b4 47. d4+ Kd6 48. Kd3 c5 49. Kc4 cxd4 50. Kxb4 Ne5 51. Ka5 Nf3 52. Kxa6 Nxh2
53. Kb7 Nf3 54. a4 d3 55. cxd3 Nd4 56. b4 h5 57. a5 Nb5 58. Kb6 Nc7 59. e5+ Kd7
60. a6 h4 61. a7 Na8+ 62. Kb7 h3 63. e6+ Kd6 64. e7 Kxe7 65. Kxa8 h2 66. Kb8
h1=Q 67. a8=Q Qh8+ 68. Kb7 Qh1+ 69. Ka7 1/2-1/2

[Event "XXXI Olimpiadi"]
[Site "Mosca RUS"]
[Date "1994.12.08"]
[Round "7.2"]
[White "Rizouk, Ryad"]
[Black "Arlandi, Ennio"]
[Result "0-1"]
[WhiteElo "2220"]
[BlackElo "2425"]
[Annotator "ITA-ALG"]
[PlyCount "60"]
[EventDate "1994.12.01"]

1. e4 c6 2. d4 d5 3. exd5 cxd5 4. Bd3 Nc6 5. c3 Nf6 6. Bg5 Qc7 7. Ne2 Bg4 8.
Qc2 Bh5 9. f4 e6 10. Nd2 Bd6 11. Rf1 Ng4 12. Rf3 h6 13. Bh4 Nxh2 14. Rh3 Bxf4
15. O-O-O Bd6 16. Rh1 Ng4 17. Nf1 f5 18. a3 Bf7 19. c4 dxc4 20. Bxc4 Rc8 21.
Kb1 O-O 22. Ba2 Ne7 23. Qd1 Ng6 24. Be1 Nf4 25. Nxf4 Bxf4 26. Rc3 Qd7 27. Qc2
Nf6 28. g3 Bg5 29. Nh2 Ne4 30. Rc4 b5 0-1

[Event "XXXI Olimpiadi"]
[Site "Mosca RUS"]
[Date "1994.12.08"]
[Round "7.4"]
[White "Kabli, Med Amine"]
[Black "D'Amore, Carlo"]
[Result "0-1"]
[WhiteElo "2220"]
[BlackElo "2420"]
[Annotator "ITA-ALG"]
[PlyCount "108"]
[EventDate "1994.12.01"]

1. c4 g6 2. Nc3 Bg7 3. g3 e5 4. Bg2 d6 5. d3 Ne7 6. Bd2 c5 7. h4 h6 8. Qc1 Nbc6
9. Nf3 Be6 10. Rb1 Qd7 11. a3 a5 12. e4 Bg4 13. Ng1 Nd4 14. b3 b5 15. f3 Be6
16. Nge2 b4 17. Nd5 Bxd5 18. cxd5 Nxe2 19. Kxe2 h5 20. Bh3 Qb7 21. a4 Ng8 22.
Qc4 Qa6 23. Rbg1 Qxc4 24. dxc4 Ke7 25. g4 hxg4 26. Bxg4 Bh6 27. Bg5+ Kf8 28. f4
exf4 29. Kf3 Re8 30. Bxf4 Bxf4 31. Kxf4 Nf6 32. Bf3 Re5 33. Rg5 Nd7 34. Rgg1
Ke7 35. Rg5 Rxg5 36. hxg5 Rxh1 37. Bxh1 Ne5 38. Bf3 f6 39. Be2 Nf7 40. gxf6+
Kxf6 41. Bd1 Ne5 42. Be2 Nf7 43. Bd1 g5+ 44. Kg4 Kg6 45. Kf3 Kf6 46. Kg4 Ne5+
47. Kg3 Nd3 48. Be2 Nc1 49. Bd1 Ke5 50. Kg4 Kxe4 51. Kxg5 Kd3 52. Kf6 Kd2 53.
Ke7 Kxd1 54. Kxd6 Nxb3 0-1